000
00293 a2200145 4500
001
172214
020
_a
040
_c
Magnum
100
_a
França, Mary
240
1
0
_a
Beto a toda cor
_l
por
245
1
0
_a
Beto a toda cor
362
0
_a
1899
697
_a
I/AVENTURA, CRIANCAS
942
_c
BK
999
_c
172214
_d
172214